[Event "8th Sunway Sitges 2021"]
[Site "Sitges ESP"]
[Date "2021.12.14"]
[Round "2.35"]
[White "Kurmann, Oliver"]
[Black "Tuomainen, Felix"]
[Result "1-0"]
[WhiteTitle "IM"]
[BlackTitle "FM"]
[WhiteElo "2466"]
[BlackElo "2249"]
[WhiteFideId "1308173"]
[BlackFideId "1720813"]
[EventDate "2021.12.13"]

1. e4 e6 2. d4 d5 3. Nc3 dxe4 4. Nxe4 Nd7 5. Nf3 Ngf6 6. Bd3 Be7 7. c3 O-O 8.
O-O b6 9. Qe2 Bb7 10. Bf4 Nxe4 11. Bxe4 Bxe4 12. Qxe4 Bd6 13. c4 Nf6 14. Qe3
Bxf4 15. Qxf4 Qd6 16. Qe3 Rfd8 17. Rfd1 Rac8 18. Rd3 c5 19. Rad1 cxd4 20. Rxd4
Qe7 21. Ne5 Rxd4 22. Qxd4 h6 23. h4 Qc5 24. Qxc5 Rxc5 25. Rd8+ Kh7 26. Nxf7 Kg6
27. Nd6 Re5 28. Kf1 Ne4 29. f3 Nxd6 30. Rxd6 Kf6 31. Rd7 a5 32. Rb7 Rc5 33. b3
Rc6 34. g4 a4 35. Ke2 axb3 36. axb3 Rd6 37. h5 g6 38. Rh7 1-0

[Event "8th Sunway Sitges 2021"]
[Site "Sitges ESP"]
[Date "2021.12.14"]
[Round "2.36"]
[White "Utsab, Chatterjee"]
[Black "Quintiliano Pinto, Renato R."]
[Result "0-1"]
[BlackTitle "IM"]
[WhiteElo "2255"]
[BlackElo "2466"]
[WhiteFideId "46609148"]
[BlackFideId "2117568"]
[EventDate "2021.12.13"]

1. e4 c5 2. Nf3 d6 3. d4 cxd4 4. Nxd4 Nf6 5. Nc3 a6 6. Bg5 e6 7. f4 Be7 8. Qf3
Qc7 9. O-O-O Nbd7 10. g4 b5 11. Bxf6 Nxf6 12. g5 Nd7 13. f5 O-O 14. Rg1 b4 15.
Nce2 e5 16. Nb3 f6 17. g6 h6 18. Ng3 a5 19. Nd2 Nb6 20. Nh5 Bb7 21. Rg4 Rfc8 22.
Bd3 a4 23. Rdg1 Qc5 24. Qh3 Qd4 25. R1g2 b3 26. axb3 axb3 27. Nxb3 Qb4 28. Kd1
Na4 29. Nxg7 Nxb2+ 30. Ke2 Nxd3 31. Qxh6 Rxc2+ 32. Kf3 Bxe4+ 33. Rxe4 Ne1+ 34.
Rxe1 Qxb3+ 35. Re3 Qd5+ 36. Kg4 Qxg2+ 0-1

[Event "8th Sunway Sitges 2021"]
[Site "Sitges ESP"]
[Date "2021.12.14"]
[Round "2.37"]
[White "Rios, Cristhian Camilo"]
[Black "Bach, Matthias"]
[Result "1-0"]
[WhiteTitle "GM"]
[BlackTitle "FM"]
[WhiteElo "2460"]
[BlackElo "2243"]
[WhiteFideId "4403940"]
[BlackFideId "4603168"]
[EventDate "2021.12.13"]

1. d4 Nf6 2. c4 c5 3. d5 e6 4. Nc3 exd5 5. cxd5 d6 6. e4 g6 7. f3 Bg7 8. Bg5 h6
9. Be3 O-O 10. Qd2 Re8 11. Nge2 h5 12. Nc1 a6 13. a4 Nbd7 14. Be2 Qc7 15. O-O
Rb8 16. Nd3 c4 17. Nf2 b5 18. axb5 axb5 19. b4 cxb3 20. Nxb5 Rxb5 21. Bxb5 Nc5
22. Bxe8 Nxe8 23. Rab1 Qb8 24. Rfc1 Bd7 25. Bd4 Bxd4 26. Qxd4 Qb5 27. Rc3 Nc7
28. Rcxb3 1-0

[Event "8th Sunway Sitges 2021"]
[Site "Sitges ESP"]
[Date "2021.12.14"]
[Round "2.38"]
[White "Sihite, Chelsie Monica Ignesias"]
[Black "Aditya, Mittal"]
[Result "0-1"]
[WhiteTitle "WIM"]
[BlackTitle "IM"]
[WhiteElo "2252"]
[BlackElo "2459"]
[WhiteFideId "7101198"]
[BlackFideId "35042025"]
[EventDate "2021.12.13"]

1. e4 c5 2. Nf3 d6 3. d4 cxd4 4. Nxd4 Nf6 5. Nc3 a6 6. Be3 e5 7. Nb3 Be6 8. f3
h5 9. Qd2 Nbd7 10. Nd5 Bxd5 11. exd5 g6 12. O-O-O Nb6 13. Bxb6 Qxb6 14. Kb1 Bh6
15. Qe1 Kf8 16. h4 Kg7 17. c4 a5 18. Na1 e4 19. fxe4 Bf4 20. Rh3 a4 21. a3 Be5
22. b4 axb3 23. Rxb3 Qc7 24. Nc2 Ra4 25. Qe3 Rc8 26. Rc1 Nd7 27. Be2 Nc5 28. Rb5
Qe7 29. g4 Qxh4 30. Rg1 hxg4 31. Bxg4 Rc7 32. Nd4 Rxc4 33. Nf3 Qf6 34. Bf5 Na4
35. Rb3 Rc3 36. Rxc3 Nxc3+ 0-1

[Event "8th Sunway Sitges 2021"]
[Site "Sitges ESP"]
[Date "2021.12.14"]
[Round "2.39"]
[White "Taher, Yoseph Theolifus"]
[Black "Fernandez, Maria Florencia"]
[Result "1-0"]
[WhiteTitle "IM"]
[BlackTitle "WIM"]
[WhiteElo "2455"]
[BlackElo "2229"]
[WhiteFideId "7105347"]
[BlackFideId "116459"]
[EventDate "2021.12.13"]

1. d4 Nf6 2. c4 e6 3. Nc3 Bb4 4. Qc2 O-O 5. e4 d6 6. Nf3 e5 7. d5 Bxc3+ 8. bxc3
Nbd7 9. Bg5 h6 10. Bh4 Nc5 11. Nd2 Qd7 12. Bxf6 gxf6 13. Nb3 Nxb3 14. axb3 f5
15. exf5 Qxf5 16. Bd3 Qg5 17. O-O Bg4 18. f3 Bh5 19. Qf2 a6 20. c5 Bg6 21. Bxg6
fxg6 22. Ra4 e4 23. Rxe4 Qxd5 24. cxd6 Qxd6 25. Qe3 Kg7 26. Re6 Qd5 27. c4 Qf5
28. g4 Qg5 29. Qd4+ Kg8 30. h4 Rad8 31. Qe4 Qxh4 1-0

[Event "8th Sunway Sitges 2021"]
[Site "Sitges ESP"]
[Date "2021.12.14"]
[Round "2.40"]
[White "Sreyas, Payyappat"]
[Black "Ayats Llobera, Gerard"]
[Result "0-1"]
[WhiteTitle "FM"]
[BlackTitle "IM"]
[WhiteElo "2250"]
[BlackElo "2448"]
[WhiteFideId "46674969"]
[BlackFideId "32067607"]
[EventDate "2021.12.13"]

1. e4 c5 2. Nf3 e6 3. d4 cxd4 4. Nxd4 a6 5. Bd3 Qc7 6. Be3 Nf6 7. O-O Be7 8. c4
Nc6 9. Nc3 Ne5 10. Bf4 d6 11. Bxe5 dxe5 12. Nf3 O-O 13. a3 Rd8 14. Qe2 Bc5 15.
b4 Bd4 16. Nxd4 exd4 17. Na4 Bd7 18. Nc5 Bc6 19. f4 b6 20. Nb3 b5 21. Rac1 bxc4
22. Rxc4 Qb6 23. Rc5 Nd7 24. Rg5 Nf8 25. Nc5 a5 26. b5 Be8 27. Na4 Qd6 28. Rc5
Nd7 29. e5 Qe7 30. Qe4 g6 31. Rc4 Qxa3 32. b6 Nf8 33. b7 Rab8 34. Nc5 Bb5 35.
Rcc1 Bxd3 36. Nxd3 Qe7 37. Rb1 Rd5 38. f5 gxf5 39. Rxf5 Rxb7 40. Rbf1 exf5 41.
Qxd5 a4 42. Nf4 Qd7 43. Qf3 Rb3 44. Qa8 d3 45. Nd5 Kg7 46. Rd1 Ng6 47. Nf6 Qd4+
48. Kh1 Qxe5 49. Ne8+ Kh6 50. Qc6 d2 51. Rg1 Rb1 0-1

[Event "8th Sunway Sitges 2021"]
[Site "Sitges ESP"]
[Date "2021.12.14"]
[Round "2.41"]
[White "Pranesh, M"]
[Black "Sieber, Fiona"]
[Result "1-0"]
[WhiteTitle "IM"]
[BlackTitle "WIM"]
[WhiteElo "2437"]
[BlackElo "2225"]
[WhiteFideId "35028600"]
[BlackFideId "12902373"]
[EventDate "2021.12.13"]

1. e4 c5 2. Nf3 d6 3. d4 cxd4 4. Nxd4 Nf6 5. Nc3 a6 6. Be3 e6 7. a4 Be7 8. Be2
O-O 9. O-O Qc7 10. f4 Nc6 11. Kh1 Re8 12. Qe1 Nxd4 13. Bxd4 e5 14. fxe5 dxe5 15.
Qg3 Bd8 16. Be3 Kh8 17. a5 Be6 18. Bf3 Rc8 19. Rfc1 Qb8 20. Qf2 Nd7 21. Nd5 Bxd5
22. exd5 f5 23. c4 Nf6 24. Ba7 Qd6 25. c5 Qd7 26. c6 bxc6 27. dxc6 Qe6 28. Qc5
Bc7 29. Bb6 e4 30. Be2 Bd6 31. Qd4 Be5 32. Qc4 Nd5 33. Rab1 Qh6 34. Bg1 Ne3 35.
Qc5 Ng4 36. h3 Re6 37. Qa3 Rexc6 38. Rxc6 Qxc6 39. hxg4 Qc2 40. Bxa6 Rd8 41. Rf1
f4 42. Qe7 Bf6 43. Qc5 Qd2 44. Qf5 h6 45. Qxe4 Qd6 46. Be2 Be5 47. Rd1 Qf6 48.
Rxd8+ Qxd8 49. Bd3 1-0

[Event "8th Sunway Sitges 2021"]
[Site "Sitges ESP"]
[Date "2021.12.14"]
[Round "2.42"]
[White "Samoun, Florent"]
[Black "Mohammad, Nubairshah Shaikh"]
[Result "1/2-1/2"]
[WhiteTitle "FM"]
[BlackTitle "IM"]
[WhiteElo "2247"]
[BlackElo "2429"]
[WhiteFideId "664995"]
[BlackFideId "5053196"]
[EventDate "2021.12.13"]

1. d4 d5 2. Nf3 Nf6 3. c4 c6 4. g3 Bf5 5. Qb3 Qb6 6. c5 Qxb3 7. axb3 Na6 8. Nc3
Nb4 9. Ra4 a5 10. Bg2 Nc2+ 11. Kd1 Nb4 12. Bf4 Bc2+ 13. Kd2 Ne4+ 14. Nxe4 dxe4
15. Rha1 exf3 16. Bxf3 Rd8 17. Rxb4 axb4 18. Kxc2 Rxd4 19. Ra8+ Rd8 20. Ra7 Rd7
21. Ra8+ Rd8 22. Ra7 Rd7 23. Ra8+ Rd8 24. Ra7 Rd7 1/2-1/2

[Event "8th Sunway Sitges 2021"]
[Site "Sitges ESP"]
[Date "2021.12.14"]
[Round "2.43"]
[White "Garcia Ramos, Daniel"]
[Black "Kanov, Nikola"]
[Result "1-0"]
[WhiteTitle "FM"]
[BlackTitle "CM"]
[WhiteElo "2428"]
[BlackElo "2223"]
[WhiteFideId "32010311"]
[BlackFideId "2928531"]
[EventDate "2021.12.13"]

1. c4 c5 2. Nf3 Nc6 3. Nc3 g6 4. e3 Nf6 5. d4 cxd4 6. exd4 d5 7. cxd5 Nxd5 8.
Qb3 e6 9. h4 Be7 10. Bh6 Qb6 11. Bb5 Bb4 12. O-O Nxc3 13. Bxc6+ bxc6 14. bxc3
Be7 15. Qc2 f6 16. Rfe1 Kf7 17. c4 Qa5 18. Qe4 Bd7 19. c5 Qa6 20. Qf4 Ke8 21.
Rab1 Rg8 22. Rb2 Rd8 23. Reb1 Bc8 24. Rb8 Qxa2 25. Qc7 Kf7 26. Ng5+ fxg5 27.
Bxg5 Bd7 28. Qf4+ Ke8 29. Rxd8+ Bxd8 30. Rb8 Bc8 31. Rxc8 Kd7 32. Rxd8+ 1-0

[Event "8th Sunway Sitges 2021"]
[Site "Sitges ESP"]
[Date "2021.12.14"]
[Round "2.44"]
[White "Priyanka, Nutakki"]
[Black "Boyer, Mahel"]
[Result "0-1"]
[WhiteTitle "WIM"]
[BlackTitle "IM"]
[WhiteElo "2187"]
[BlackElo "2427"]
[WhiteFideId "25049615"]
[BlackFideId "45102422"]
[EventDate "2021.12.13"]

1. d4 Nf6 2. c4 c5 3. d5 e6 4. Nc3 exd5 5. cxd5 d6 6. Nf3 g6 7. Bf4 a6 8. Nd2
Nh5 9. Qa4+ Qd7 10. Qe4+ Be7 11. Nc4 Nxf4 12. Qxf4 Qc7 13. Ne4 O-O 14. a4 f5 15.
Ng5 b6 16. h4 Ra7 17. h5 Qd8 18. Nxh7 g5 19. Nxg5 Bxg5 20. Qxd6 Qxd6 21. Nxd6
Rd7 22. Nxc8 Rxc8 23. e3 c4 24. O-O-O b5 25. Rh3 Bf6 26. Kc2 bxa4 27. e4 Rb7 28.
Rb1 Nd7 29. Ra3 Rb4 30. exf5 Rcb8 0-1

[Event "8th Sunway Sitges 2021"]
[Site "Sitges ESP"]
[Date "2021.12.14"]
[Round "2.45"]
[White "Webb, Laurence E"]
[Black "Cuhendi, Sean Winshand"]
[Result "0-1"]
[WhiteTitle "FM"]
[BlackTitle "IM"]
[WhiteElo "2133"]
[BlackElo "2419"]
[WhiteFideId "402389"]
[BlackFideId "7101554"]
[EventDate "2021.12.13"]

1. d4 d5 2. c4 Nc6 3. Nf3 Bg4 4. cxd5 Bxf3 5. gxf3 Qxd5 6. e3 e5 7. Nc3 Bb4 8.
Bd2 Bxc3 9. bxc3 Qd6 10. Rb1 O-O-O 11. Qb3 b6 12. Bh3+ Kb8 13. O-O Qh6 14. Bg2
Nge7 15. Rfd1 Ng6 16. Qc4 Nh4 17. Bh1 Rd6 18. Kf1 Rhd8 19. f4 exf4 20. e4 Ne5
21. Qe2 Qe6 22. dxe5 f3 23. exd6 fxe2+ 24. Kxe2 Rxd6 25. Ke1 Qe5 26. f4 Qc5 27.
Ke2 Qh5+ 28. Ke3 Qg4 29. Rg1 Qh3+ 30. Rg3 Qxh2 0-1

[Event "8th Sunway Sitges 2021"]
[Site "Sitges ESP"]
[Date "2021.12.14"]
[Round "2.46"]
[White "Pranav, Anand"]
[Black "De Santis, Alessio"]
[Result "1-0"]
[WhiteTitle "IM"]
[BlackTitle "FM"]
[WhiteElo "2416"]
[BlackElo "2186"]
[WhiteFideId "46626786"]
[BlackFideId "803405"]
[EventDate "2021.12.13"]

1. e4 c5 2. Nf3 e6 3. d4 cxd4 4. Nxd4 a6 5. Nc3 Qc7 6. Bd3 b5 7. O-O Bb7 8. Re1
Nf6 9. e5 Nd5 10. Bd2 Nxc3 11. bxc3 Nc6 12. Qh5 g6 13. Qe2 Bg7 14. Nf3 Na5 15.
a4 Nc4 16. Bf4 O-O 17. axb5 axb5 18. Rxa8 Rxa8 19. Nd4 Qc5 20. h4 Ra3 21. Nb3
Qc6 22. f3 Qb6+ 23. Kh2 Bd5 24. h5 Qd8 25. Qf2 g5 26. Bg3 h6 27. Qc5 Qb6 28.
Qxb6 Nxb6 29. Bxb5 Bxb3 30. cxb3 Rxb3 31. c4 Rb4 32. Re4 f5 33. exf6 Bxf6 34.
Bc7 Nxc4 35. Bxc4 Rb7 36. Bg3 Kf7 37. Re2 d5 38. Bd3 Bd4 39. Rc2 Ra7 40. Rc8 Ra1
41. Rc7+ Kf8 42. Bd6+ Kg8 43. Re7 Re1 44. Bf5 Be5+ 45. Bxe5 Rxe5 46. Bg4 Kf8 47.
Rxe6 Rxe6 48. Bxe6 d4 49. Bc4 Ke7 50. Kg3 1-0

[Event "8th Sunway Sitges 2021"]
[Site "Sitges ESP"]
[Date "2021.12.14"]
[Round "2.47"]
[White "Vaibhav, Jayant Raut"]
[Black "Gines Esteo, Pedro Antonio"]
[Result "0-1"]
[BlackTitle "IM"]
[WhiteElo "2097"]
[BlackElo "2413"]
[WhiteFideId "5089034"]
[BlackFideId "32080190"]
[EventDate "2021.12.13"]

1. c4 c6 2. Nf3 d5 3. d4 Nf6 4. Nc3 dxc4 5. a4 e6 6. e3 c5 7. Bxc4 Nc6 8. O-O
cxd4 9. exd4 Be7 10. Be3 O-O 11. Rc1 Nb4 12. Ne5 Bd7 13. Qf3 Bc6 14. Qg3 Ne4 15.
Qh3 Nd6 16. Be2 Qa5 17. Bf3 Rfd8 18. Rfd1 Rac8 19. Bh5 g6 20. Bg4 Nf5 21. Bxf5
exf5 22. Nxf7 Rf8 23. Nh6+ Kg7 24. d5 Bd7 25. Bd4+ Bf6 26. Re1 Nxd5 27. Bxf6+
Rxf6 28. Rcd1 Re6 29. Qd3 Kxh6 30. Qxd5 Qxd5 31. Nxd5 Rxe1+ 32. Rxe1 Bxa4 33. h4
Rd8 34. Nf4 Rd1 35. Rxd1 Bxd1 36. Kf1 Kg7 37. Ke1 Ba4 38. Kd2 Kf6 39. Ke3 Bc6
40. Kd4 b6 41. g3 h6 42. Nd3 g5 43. hxg5+ hxg5 44. Ne5 Bb7 45. f4 g4 46. Nc4 Ke6
47. Ne3 Bc8 48. Nc4 Ba6 49. Ne3 Bb7 50. Nc4 Bd5 51. Ne3 Ba2 52. Nc2 Kd6 53. Ne3
Be6 54. Nc2 a5 55. Na3 Kc6 56. Nc2 Kd6 57. Na3 Kc6 58. Nc2 b5 59. Ke5 Bd7 60.
Nd4+ Kc5 61. Nxf5 a4 62. Nd4 b4 63. Ke4 a3 64. bxa3 bxa3 65. Kd3 a2 66. Nb3+ Kb4
67. Na1 Bf5+ 68. Kd2 Kc4 69. Kd1 Kd3 70. Kc1 Kc3 71. Kd1 Kb2 72. Kd2 Kxa1 73.
Kc1 Bg6 74. f5 Bxf5 0-1

[Event "8th Sunway Sitges 2021"]
[Site "Sitges ESP"]
[Date "2021.12.14"]
[Round "2.48"]
[White "Cori T., Deysi"]
[Black "Sharan, Rao"]
[Result "1-0"]
[WhiteTitle "WGM"]
[WhiteElo "2413"]
[BlackElo "2179"]
[WhiteFideId "3801934"]
[BlackFideId "5073464"]
[EventDate "2021.12.13"]

1. d4 d5 2. c4 e6 3. Nc3 Nf6 4. Bg5 Nbd7 5. e3 c6 6. Qc2 h6 7. Bh4 Be7 8. Nf3
O-O 9. Rd1 a6 10. cxd5 exd5 11. Bd3 Re8 12. O-O Ne4 13. Bxe7 Qxe7 14. Bxe4 dxe4
15. Nd2 Nf6 16. h3 Bf5 17. f4 h5 18. Nc4 b5 19. Ne5 Rac8 20. Qe2 Qe6 21. Rd2 g6
22. Rc1 Kg7 23. a3 h4 24. Nd1 Nd5 25. Rdc2 Ne7 26. Rc5 f6 27. Ng4 Red8 28. Nc3
a5 29. Nf2 b4 30. Ncd1 Ra8 31. Qc2 Rdb8 32. Ra1 Rc8 33. Qa4 Rcb8 34. Rxa5 Rxa5
35. Qxa5 Rb5 36. Qc7 Kh6 37. axb4 Nd5 38. Qd8 Qf7 39. Ra5 Rb7 40. Ng4+ Bxg4 41.
hxg4 g5 42. f5 Qe7 43. Rxd5 1-0

[Event "8th Sunway Sitges 2021"]
[Site "Sitges ESP"]
[Date "2021.12.14"]
[Round "2.49"]
[White "Neelotpal, Das"]
[Black "Dukic, Zachary"]
[Result "1-0"]
[WhiteTitle "GM"]
[WhiteElo "2410"]
[BlackElo "2140"]
[WhiteFideId "5003512"]
[BlackFideId "2617188"]
[EventDate "2021.12.13"]

1. e4 c5 2. Nf3 Nc6 3. Nc3 e5 4. Bc4 Be7 5. d3 Nf6 6. Nd2 O-O 7. Nf1 d6 8. Ne3
Be6 9. O-O Nd7 10. Ncd5 Bg5 11. a3 Nb6 12. Ba2 Ne7 13. Nxb6 axb6 14. Bxe6 Bxe3
15. Bxf7+ Rxf7 16. Bxe3 Qd7 17. c3 Qe6 18. b4 h6 19. f3 g5 20. Qd2 Kh7 21. d4 c4
22. dxe5 dxe5 23. Rfd1 Ng6 24. Qd6 Qe8 25. Qxb6 Ra6 26. Qd8 Qe6 27. Qd5 Qe8 28.
Qxc4 Rg7 29. b5 Rf6 30. Ra2 Nh4 31. Bf2 Qh5 32. Bg3 g4 33. fxg4 Qxg4 34. Qe2
Nf3+ 35. gxf3 Rxf3 36. Kh1 Rxg3 37. hxg3 Qxg3 38. Qh5 1-0

[Event "8th Sunway Sitges 2021"]
[Site "Sitges ESP"]
[Date "2021.12.14"]
[Round "2.50"]
[White "Perkampus, Laurin"]
[Black "Baenziger, Fabian"]
[Result "0-1"]
[BlackTitle "IM"]
[WhiteElo "2081"]
[BlackElo "2409"]
[WhiteFideId "16232283"]
[BlackFideId "1330110"]
[EventDate "2021.12.13"]

1. d4 Nf6 2. c4 e6 3. Nc3 d5 4. Nf3 c6 5. Qb3 dxc4 6. Qxc4 b5 7. Qd3 a6 8. g4 c5
9. g5 c4 10. Qb1 Nd5 11. e4 Nxc3 12. bxc3 Nd7 13. Bg2 Bb7 14. O-O Bd6 15. Rd1
O-O 16. a4 Qb8 17. e5 Be7 18. Bf4 Bd5 19. Nd2 Nb6 20. Be4 Bxe4 21. Nxe4 Nxa4 22.
Qc1 Nb6 23. Nf6+ Kh8 24. d5 exd5 25. e6 Qc8 26. Qe3 Qxe6 27. Qd4 gxf6 28. Re1
Qg4+ 29. Kf1 Bd8 30. Re3 Nd7 31. Qxd5 Bb6 32. Re4 Qf3 33. Rd4 Qh3+ 0-1

[Event "8th Sunway Sitges 2021"]
[Site "Sitges ESP"]
[Date "2021.12.14"]
[Round "2.51"]
[White "Sukandar, Irine Kharisma"]
[Black "Nurgaliyev, Sauat"]
[Result "1/2-1/2"]
[WhiteTitle "IM"]
[BlackTitle "CM"]
[WhiteElo "2407"]
[BlackElo "2102"]
[WhiteFideId "7101937"]
[BlackFideId "13726285"]
[EventDate "2021.12.13"]

1. e4 c5 2. Nc3 d6 3. f4 g6 4. Nf3 Bg7 5. Bc4 Nc6 6. O-O e6 7. d4 cxd4 8. Nb5
Nge7 9. Bb3 O-O 10. Nbxd4 a6 11. c3 b5 12. Qe1 Nxd4 13. Nxd4 b4 14. Be3 bxc3 15.
bxc3 Qc7 16. Rc1 a5 17. a4 Qb7 18. Bc2 Re8 19. Qh4 Bd7 20. f5 exf5 21. Bg5 Nc6
22. Nb5 Na7 23. Nd4 Nc6 24. exf5 Nxd4 25. cxd4 Re2 26. Rf2 Rxf2 27. Qxf2 Qd5 28.
Rd1 Bxf5 29. Bxf5 Qxf5 30. Qxf5 gxf5 31. d5 Rc8 32. Bf4 Bf8 33. Rc1 Rxc1+ 34.
Bxc1 Be7 35. Bh6 Bf6 36. Kf2 Bc3 37. Ke2 Be5 38. Bd2 Bxh2 39. Bxa5 Kf8 40. Bb6
Ke7 41. a5 Kd7 42. a6 Kc8 43. Kd3 Kb8 44. Kc4 f4 45. Kd3 f3 46. gxf3 Bg3 47. Ke4
h5 48. Kf5 h4 49. Kg4 f5+ 50. Kh3 Ka8 51. Bg1 Kb8 52. Bb6 Ka8 53. Kg2 Kb8 54.
Be3 Ka8 55. f4 Kb8 56. Kf3 Be1 57. Bf2 Bxf2 58. Kxf2 Ka7 59. Kg2 Kxa6 60. Kh3
Kb5 61. Kxh4 Kc5 62. Kg5 Kxd5 63. Kxf5 Kc4 64. Ke6 d5 65. f5 d4 66. f6 d3 67. f7
d2 68. f8=Q d1=Q 69. Qc8+ Kd3 70. Qd7+ Ke2 71. Qxd1+ Kxd1 1/2-1/2

[Event "8th Sunway Sitges 2021"]
[Site "Sitges ESP"]
[Date "2021.12.14"]
[Round "2.52"]
[White "Dahale, Atul"]
[Black "Hess, Max"]
[Result "1/2-1/2"]
[BlackTitle "FM"]
[WhiteElo "2037"]
[BlackElo "2404"]
[WhiteFideId "5037794"]
[BlackFideId "24656666"]
[EventDate "2021.12.13"]

1. d4 Nf6 2. c4 g6 3. Nc3 Bg7 4. e4 d6 5. Nf3 O-O 6. h3 e5 7. d5 a5 8. g4 Na6 9.
Be3 Nd7 10. a3 Nb6 11. Nd2 Bd7 12. h4 Nc5 13. Be2 Nba4 14. Nxa4 Bxa4 15. Qb1 Bd7
16. b4 axb4 17. axb4 Rxa1 18. Qxa1 Na6 19. Qb1 f5 20. gxf5 gxf5 21. Bg5 Qa8 22.
Rg1 Kh8 23. h5 h6 24. Bh4 Qa7 25. Qb3 f4 26. Bg4 Bxg4 27. Rxg4 Qd4 28. Rxg7 Kxg7
29. Qh3 Qa1+ 30. Ke2 f3+ 31. Nxf3 Qc1 32. Qg4+ Kh8 33. Nd2 Qh1 34. Qg6 Qxh4 35.
Qxh6+ Kg8 36. Qg6+ 1/2-1/2

[Event "8th Sunway Sitges 2021"]
[Site "Sitges ESP"]
[Date "2021.12.14"]
[Round "2.53"]
[White "Vaishali, R"]
[Black "Namitbir, Singh Walia"]
[Result "1-0"]
[WhiteTitle "IM"]
[WhiteElo "2401"]
[BlackElo "2093"]
[WhiteFideId "5091756"]
[BlackFideId "35071068"]
[EventDate "2021.12.13"]

1. d4 Nf6 2. Bf4 d5 3. e3 e6 4. Nf3 c5 5. Nbd2 Nc6 6. c3 cxd4 7. exd4 Nh5 8. Be3
Bd6 9. h4 O-O 10. Bd3 f5 11. Ne5 Nf6 12. Bf4 Qb6 13. Ndc4 dxc4 14. Nxc4 Qd8 15.
Nxd6 Nd5 16. Be5 Nxe5 17. dxe5 Nf4 18. g3 Nxd3+ 19. Qxd3 Qa5 20. f4 Bd7 21. O-O
Rad8 22. Rf2 Bc6 23. a4 Qc7 24. a5 a6 25. Qd4 h6 26. b4 Qe7 27. Qe3 Rd7 28. Rd1
Rfd8 29. Rd4 Rxd6 30. exd6 Rxd6 31. Rxd6 Qxd6 32. Rd2 Qe7 33. c4 Kh7 34. Qc3 Qf7
35. Kh2 Qe7 36. Qb2 Qc7 37. Qe5 Qc8 38. Rd6 Be4 39. Qxe6 Qc7 40. Rd7 Qb8 41. Qf7
Qh8 42. h5 1-0

[Event "8th Sunway Sitges 2021"]
[Site "Sitges ESP"]
[Date "2021.12.14"]
[Round "2.54"]
[White "Ali, Muhammad Lutfi"]
[Black "Aaditya, Dhingra"]
[Result "0-1"]
[WhiteTitle "IM"]
[BlackTitle "CM"]
[WhiteElo "2399"]
[BlackElo "2038"]
[WhiteFideId "7103743"]
[BlackFideId "25678191"]
[EventDate "2021.12.13"]

1. e4 e5 2. Nf3 Nc6 3. Bb5 a6 4. Ba4 Nf6 5. d3 d6 6. c4 g6 7. h3 Bg7 8. O-O O-O
9. Nc3 Nd7 10. Bg5 f6 11. Be3 f5 12. Bg5 Bf6 13. Bh6 Bg7 14. Bxg7 Kxg7 15. d4
Nxd4 16. Nxd4 exd4 17. Qxd4+ Qf6 18. Rad1 Nb6 19. Bb3 f4 20. Rfe1 Re8 21. a4 Re5
22. a5 Qg5 23. Rd3 Nd7 24. Nd5 Nc5 25. Rf3 Ne6 26. Qd2 Bd7 27. Nxc7 Nxc7 28.
Qxd6 Re7 29. Qxf4 Qxf4 30. Rxf4 Ne6 31. Rf3 Bc6 32. Rfe3 Rd8 33. Bd1 h5 34. h4
Rd2 35. b3 Rf7 36. f3 Rfd7 37. Be2 Nd4 38. Kf2 Nc2 39. Rb1 Nxe3 40. Kxe3 Rc2 41.
b4 Ba4 42. b5 Rc3+ 43. Kf4 Bb3 44. c5 axb5 45. Bxb5 Rf7+ 46. Kg3 Bc2 47. Rb2
Bxe4 0-1

[Event "8th Sunway Sitges 2021"]
[Site "Sitges ESP"]
[Date "2021.12.14"]
[Round "2.55"]
[White "Vignesh, B"]
[Black "Daulyte-Cornette, Deimante"]
[Result "0-1"]
[BlackTitle "IM"]
[WhiteElo "1947"]
[BlackElo "2398"]
[WhiteFideId "35051555"]
[BlackFideId "12802859"]
[EventDate "2021.12.13"]

1. e4 e5 2. Nf3 Nc6 3. Bb5 a6 4. Ba4 g6 5. c3 Bg7 6. d4 exd4 7. cxd4 b5 8. Bb3
d6 9. h3 Nge7 10. Bg5 h6 11. Bxe7 Nxe7 12. Nc3 O-O 13. O-O c5 14. dxc5 dxc5 15.
Qe2 c4 16. Bc2 Bb7 17. e5 Bxf3 18. Qxf3 Bxe5 19. Rfe1 Bg7 20. Rad1 Qc7 21. Ne4
Nf5 22. Bb1 Bxb2 23. Rd5 Ne7 24. Rd6 Rad8 25. Rxa6 Nd5 26. Rd1 Rfe8 27. Qg4 Bg7
28. a3 f5 29. Qxg6 fxe4 30. Bxe4 Nf6 31. Rxd8 Rxd8 32. Bc2 Qf7 33. Qf5 Rf8 34.
Re6 Re8 35. Rc6 Rf8 36. Re6 Re8 37. Rc6 Qe7 38. g4 Qe1+ 39. Kg2 Qe5 40. Rc5 Qxf5
41. Bxf5 Ne4 42. Bxe4 Rxe4 43. Rxb5 c3 44. Rc5 Kf7 45. Kf3 Re7 46. a4 Ke6 47.
Kf4 Bd4 48. Rc8 Kd5 49. Kf5 Bc5 50. Rd8+ Bd6 51. Rc8 Rc7 52. Re8 c2 53. Re1 c1=Q
54. Rxc1 Rxc1 55. Kg6 Bf4 56. Kf5 Bd2 57. f4 Rf1 0-1

[Event "8th Sunway Sitges 2021"]
[Site "Sitges ESP"]
[Date "2021.12.14"]
[Round "2.56"]
[White "Dionisi, Thomas"]
[Black "Niharika, Ch"]
[Result "1/2-1/2"]
[WhiteTitle "IM"]
[WhiteElo "2396"]
[BlackElo "1935"]
[WhiteFideId "651893"]
[BlackFideId "35051270"]
[EventDate "2021.12.13"]

1. e4 c5 2. Nf3 d6 3. d4 cxd4 4. Nxd4 Nf6 5. Nc3 a6 6. Be2 e6 7. a4 Nc6 8. O-O
Be7 9. Be3 O-O 10. f4 Qc7 11. Kh1 Bd7 12. Nb3 Rac8 13. Bf3 Nb4 14. Qd2 Bc6 15.
Nd4 d5 16. e5 Ne4 17. Qe2 b6 18. Bg1 Bc5 19. Nb1 Bb7 20. c3 Nc6 21. Rd1 Qe7 22.
Nxc6 Bxc6 23. Bd4 Bxd4 24. Rxd4 Nc5 25. Nd2 b5 26. a5 Na4 27. Nb3 Rb8 28. Rb4
Rfc8 29. Nd4 Be8 30. Qd2 Nc5 31. Qe3 Nb7 32. Be2 Nc5 33. h3 f5 34. exf6 Qxf6 35.
Bg4 Bf7 36. Re1 Ne4 37. Bf3 Bg6 38. Kh2 Rc4 39. Be2 Rxb4 40. cxb4 Rf8 41. Rc1 e5
42. fxe5 Qxe5+ 43. Kg1 h6 44. b3 Kh7 45. Rc6 Rf6 46. Rxf6 Qxf6 47. Bd3 Qd6 48.
Nc2 Qe5 49. Qd4 Qg5 50. Ne3 Ng3 51. Nxd5 Qc1+ 52. Kh2 Nf1+ 53. Bxf1 Qxf1 54. Nf4
Bc2 55. Ne6 Qf7 56. Nc5 Qg6 57. Qe5 Bf5 58. Qg3 Qf6 59. Qf4 Qg6 60. Qe5 Kh8 61.
Qb8+ Kh7 62. Qb6 Qg5 63. Qd6 Bc8 64. Qc7 Qf5 65. Qb8 Kg6 66. Qd6+ Kh7 67. Qd3
Kg6 68. Qd6+ Kh7 69. Qg3 Kh8 70. Qd6 Kh7 71. Qd3 Kg6 72. g4 Qxd3 73. Nxd3 Kf6
74. Kg3 Ke6 75. Kf4 Kd5 76. Ke3 g5 77. Ne1 Ke5 78. Nf3+ Kd5 79. Nd4 Bd7 80. Ne2
Ke5 81. Ng3 Be6 82. Ne4 Bc8 83. Nc5 Kd5 84. Nd3 Be6 85. Nf2 Ke5 86. Ne4 Bc8 87.
Nc5 Kd5 88. Ne4 Ke5 89. Nc5 Kd5 90. Ne4 Ke5 1/2-1/2